Parc Natural del Montseny : activitats : estades de recerca : curs 1997-1998 : Alberg El Puig activitats :
Descripción Física:
1 f. plegat en 4 parts ; 21 cm
MARC
| LEADER | 00000nam a2200000Ia 4500 | ||
|---|---|---|---|
| 001 | 24538 | ||
| 008 | 160829s9999 xx 000 0 cat d | ||
| 080 | |a FU-67-33 | ||
| 245 | |a Parc Natural del Montseny : |b activitats : |b estades de recerca : |b curs 1997-1998 : |b Alberg El Puig | ||
| 260 | |a [Barcelona] : |b Diputació de Barcelona. Serveis de Parcs Naturals, DL 1997 | ||
| 300 | |a 1 f. plegat en 4 parts ; |c 21 cm | ||
| 590 | |a Inclou els diversos programes dels cursos ofertats i una butlleta d'inscripció | ||
| 610 | 0 | |a Parc Natural del Montseny (Catalunya) |x Activitats culturals |9 53382 | |
| 710 | |a Barcelona (Catalunya : Província). |b Servei de Parcs Naturals |9 53492 | ||
| 901 | |a Arxiu | ||
| 942 | |n 1 | ||
| 952 | |0 0 |1 0 |4 0 |6 FU6733 |7 1 |9 55883 |a Arxiu |b Arxiu |d 2016-12-01 |l 0 |o FU-67-33 |p 24538 |r 2016-12-01 00:00:00 |w 2016-12-01 |y ARXIU | ||
| 999 | |c 59756 |d 59756 | ||